[Event "Thessaloniki-Chalkidiki-chT B"]
[Site "Thessaloniki"]
[Date "2022.03.19"]
[Round "2"]
[White "Kytharidis, Argyrios"]
[Black "Valaroutsos, Kiparissis"]
[Result "1-0"]
[WhiteElo "1881"]
[BlackElo "1441"]
[PlyCount "63"]
[EventDate "2022.03.13"]
[EventType "team-tourn"]
[EventRounds "5"]
[EventCountry "GRE"]
[SourceTitle "EXT 2024"]
[Source "ChessBase"]
[SourceDate "2023.10.10"]
[SourceVersion "1"]
[SourceVersionDate "2023.10.10"]
[SourceQuality "1"]

1. e4 e6 2. d4 d5 3. e5 c5 4. c3 Nc6 5. Nf3 Bd7 6. Bd3 Qb6 7. dxc5 Bxc5 8. 0-0 Nge7 9. b4 Bxb4 10. cxb4 Nxb4 11. Be3 Qa5 12. Bd2 Qb6 13. Bxb4 Qxb4 14. Qb3 Nc6 15. Nbd2 b6 16. Rfc1 Qe7 17. Bb5 Na5 18. Qa4 Bxb5 19. Qxb5+ Qd7 20. a4 Ke7 21. Qb4+ Ke8 22. Nd4 Qe7 23. Qb5+ Qd7 24. Nc6 f6 25. exf6 gxf6 26. Nxa5 bxa5 27. Rc6 Kf7 28. Rac1 Kg6 29. Qd3+ f5 30. Qg3+ Kf6 31. Rc7 Rhc8 32. Rxd7 1-0